书目信息 |
| 题名: |
儿童生理与卫生学基础
|
|
| 作者: | 杨培禾 主编 | |
| 分册: | ||
| 出版信息: | 北京 首都师范大学出版社 2011.01 |
|
| 页数: | 263页 | |
| 开本: | 26cm | |
| 丛书名: | ||
| 单 册: | ||
| 中图分类: | R179 | |
| 科图分类: | ||
| 主题词: | 儿童--生理卫生--师范大学--教材 | |
| 电子资源: | ||
| ISBN: | 978-7-5656-0270-2 | |
| 000 | 01108nam0 2200241 45 | |
| 001 | 1356812109 | |
| 005 | 20130514173411.50 | |
| 010 | @a978-7-5656-0270-2@dCNY32.00 | |
| 100 | @a20130108d2011 ekmy0chiy0110 ea | |
| 101 | 0 | @achi |
| 102 | @aCN@b110000 | |
| 105 | @aa z 000yy | |
| 106 | @ar | |
| 200 | 1 | @a儿童生理与卫生学基础@AEr Tong Sheng Li Yu Wei Sheng Xue Ji Chu@f杨培禾主编@FYang Pei He Zhu Bian |
| 210 | @a北京@c首都师范大学出版社@d2011.01 | |
| 215 | @a263页@d26cm | |
| 300 | @a新世纪高等学校本科教材 | |
| 330 | @a杨培禾主编的《儿童生理与卫生学基础》以儿童的解剖生理为主线,以儿童的生长发育为中心,以保证儿童身心健康为目的,在传统生理卫生、儿童少年卫生学教材的基础上,充分考虑到小学教师专业发展对学科知识结构和教师教育的需要,综合了人体解剖学(系统解剖学、成长解剖学)、人体生理学及儿童少年卫生学的一些基础知识,共编著四篇内容:儿童的解剖生理、儿童生长发育及卫生保健、儿童常见疾病预防及安全教育、儿童性健康教育。 | |
| 606 | 0 | @a儿童@x生理卫生@x师范大学@j教材 |
| 690 | @aR179@v5 | |
| 701 | 0 | @a杨培禾@AYang Pei He@4主编 |
| 801 | @aCN@bTANGWEI@c20130108 | |
| 905 | @b0829811-15@dR179@e206@f5 | |
| 儿童生理与卫生学基础/杨培禾主编.-北京:首都师范大学出版社,2011.01 |
| 263页;26cm |
| 新世纪高等学校本科教材 |
| ISBN 978-7-5656-0270-2:CNY32.00 |
| 杨培禾主编的《儿童生理与卫生学基础》以儿童的解剖生理为主线,以儿童的生长发育为中心,以保证儿童身心健康为目的,在传统生理卫生、儿童少年卫生学教材的基础上,充分考虑到小学教师专业发展对学科知识结构和教师教育的需要,综合了人体解剖学(系统解剖学、成长解剖学)、人体生理学及儿童少年卫生学的一些基础知识,共编著四篇内容:儿童的解剖生理、儿童生长发育及卫生保健、儿童常见疾病预防及安全教育、儿童性健康教育。 |
| ● |
| 相关链接 |
|
|
|
|
正题名:儿童生理与卫生学基础
索取号:R179/206
 
预约/预借
| 序号 | 登录号 | 条形码 | 馆藏地/架位号 | 状态 | 备注 |
| 1 | 0829811 | 208298117 | 第二样本阅览室/ [索取号:R179/206] | 在馆 | |
| 2 | 0829812 | 208298126 | 教育系资料室/ [索取号:R179/206] | 在馆 | |
| 3 | 0829813 | 208298135 | 第三借阅区/ [索取号:R179/206] | 在馆 | |
| 4 | 0829814 | 208298144 | 教育系资料室/ [索取号:R179/206] | 在馆 | |
| 5 | 0829815 | 208298153 | 教育系资料室/ [索取号:R179/206] | 在馆 |